Presidentes de Comunidades Autónomas: Islas Baleares - Estadísticas

Estadísticas generales
  • Esta prueba ha sido intentada 17 veces
  • La puntuación promedio es 4 de 12
Estadísticas de respuestas
Período Presidente % Correcto
2015-2023 Francina Armengol
85%
2023-Act. Marga Prohens
69%
1996-1999 Jaume Matas
38%
2003-2007 Jaume Matas
38%
2011-2015 José Ramón Bauzá
31%
1999-2003 Francesc Antich
23%
2007-2011 Francesc Antich
23%
1983-1995 Gabriel Cañellas
15%
1995-1996 Cristòfol Soler
8%
1982-1983 Francesc Tutzó
8%
1978-1982 Jeroni Albertí
8%
2023 Mae de la Concha
8%
No se encontraron pruebas coincidentes
Distribución de puntuación
Porcentaje de gente con cada puntuación
Porcentaje por número respondido
Historial de tus puntuaciones
No has intentado esta prueba.